Quizzes
Events
Quiz Creation
Community
Videos
Private Events
Remove Ads
Sign In
Join for FREE
Feedback
Dark Mode
Quiz Categories
Sports
Geography
Music
Movies
Television
Just For Fun
Miscellaneous
History
Literature
Language
Science
Gaming
Entertainment
Religion
Holiday
For Kids
Quiz Lab
Recent
Popular Today
Quiz Kudos Today
Editor Picks
Curator Picks
Quizzes by...
Day
Popularity
Type
Ratings
Length
Year
Community
Subscriptions
Recent Discussions
Orange Saloon
Badges
Playlists
Quests
Create
Leaderboards
Showdown
Live 5
Trivia Bingo
Activity
Puzzle Library
Sporcle Events
Private Events
Virtual Trivia
Globe League
Become a Host
Pub Owners
SporcleCon
Opinionation
Our Games
Videos
Blog
Mobile Apps
Partnerships
Remove Ads and Go Orange
Feedback
Sports
Athletes
MLB
NBA
NHL
NFL
Soccer
Sports Teams
WWE
NCAA
Football
Premier League
Basketball
Baseball
Hockey
Golf
Tennis
Cricket
Rugby
Auto Racing
Olympics
World Cup
Sports
Athletes
MLB
NBA
NHL
NFL
Soccer
Sports Teams
WWE
NCAA
Football
Premier League
Basketball
Baseball
Hockey
Golf
Tennis
Cricket
Rugby
Auto Racing
Olympics
World Cup
Random Quiz
Search Sporcle
×
Quiz Lab
Quiz Lab
Sports
NBA
Type in answers that appear in a list
Type in answers that appear in a list
Classic
Best Score? Go Orange.
One-time champs Stats
Can you name the one-time Big 4 champs? (1951-2022)
By
Anne13
5m
20 Questions
136 Plays
136 Plays
136 Plays
Comments
Comments
Give Quiz Kudos
Give Quiz Kudos
-
- Ratings
hide this ad
More Info
Replay
Link that replays current quiz
Next Quiz
Link to next quiz in quiz playlist
You Got
0%
They Got
Avg Score
62%
Avg Friend Score
Upgrade to see
Score Distribution
Jump to the score distribution portion of the page
Score
0/20
Timer
05:00
0
Plays Today
league
team
% Correct
NBA Final
Toronto Raptors
88.7%
NFL Super Bowl
New York Jets
81.6%
NFL Super Bowl
Philadelphia Eagles
81.4%
MLB World Series
Washington Nationals
77.4%
MLB World Series
Arizona Diamondbacks
77.2%
NFL Super Bowl
Seattle Seahawks
77.1%
NHL Stanley Cup
St. Louis Blues
72.6%
NFL Super Bowl
New Orleans Saints
71.3%
NHL Stanley Cup
Washington Capitals
70%
NFL Super Bowl
Chicago Bears
68.4%
league
team
% Correct
NBA Final
Rochester Royals
66.2%
NBA Final
Seattle Super Sonics
61%
NHL Stanley Cup
Anaheim Ducks
58.8%
NBA Final
Portland Trailblazers
58.1%
NBA Final
Washington Bullets
58.1%
NHL Stanley Cup
Calgary Flames
57.4%
NHL Stanley Cup
Carolina Hurricanes
54.4%
NHL Stanley Cup
Dallas Stars
51.5%
NBA Final
Saint Louis Hawks (Atlanta since 1968)
48.5%
MLB World Series
Anaheim Angels
47.1%
Quiz Playlist
Details
Report
Send in Message
Add To Playlist
More Info:
Classic:
Type in answers that appear in a list
Last Updated: Oct 27, 2023
Quiz Scoreboard
CHALLENGE
Sign Up to Join the Scoreboard
Show All
Scores
Hide
Comments
May contain spoilers
Recently Published
Decade Duel: World Leaders
by jenniferyan
History
4m
Alphabetical 'K' Countries by Flag Minefield
by ylime102
Geography
3m
Pick 6: Fruits
by JohnFran
Miscellaneous
15s
More to Explore
Quiz From the Vault
Featured Blog Post
15 Basketball Trivia Facts You Can Be March Mad About
hide this ad
You Might Also Like...
Tags
MLB Quiz
NBA Quiz
NFL Quiz
NHL Quiz
Category
champ
League
NCAA Basketball
NCAA Women
one-time
team
WNBA
Today's Top Quizzes in Sports
Browse Sports
hide this ad
Today's Top Quizzes in NBA
Browse NBA
Top Contributed Quizzes in Sports
1
Les joueurs à 100 buts en Ligue 1 Uber Eats
2
Pick 6: NFL Teams
3
2022 World Cup Stars
4
MLB 2 truths and a lie: Hall of Fame pitchers
5
Millionaire: NBA Finals Edition
6
Pick 6: Minor League Baseball
7
Criteria MLB: Left Handed Sluggers
8
Click the 1998 NBA Draft
9
Pick 6: Olympics
10
Don't Strike Out: 3000 Strikeouts
Explore More
Trending Topics
Marvel
Kpop
Anime
NBA
Crossword
Disney
Harry Potter
NFL
WWE
Song
Pokémon
Country
Soccer
Puzzle
The Office
hide this ad
More By:
Anne13
Quiz
Plays
Rating
Category
Featured
Created
'I' Countries
316,988
4.35
Geography
Dec 2, 2009
007 In Other Words
107,349
4.60
Movies
Sep 28, 2011
1 State, 4+ FBS Schools
92,590
4.37
Sports
Nov 16, 2010
75 Biggest One-Word Cities (US)
82,723
4.56
Geography
Aug 7, 2013
Great Lakes Borders
81,866
4.43
Geography
Sep 24, 2011
Go to Creator's Profile
Score Distribution
Quiz Creator Spotlight
Anne13
Follow
Send a Message
Quizzes Created
-
Created Quiz Play Count
-
More By This Creator
Popular Quizzes Today
1
Countries of Asia Without Outlines Minefield
2
Find the US States - No Outlines Minefield
3
Pick 6: Fruits
4
Alphabetical 'K' Countries by Flag Minefield
5
The Countries of the World
6
Find the Countries of Europe - No Outlines Minefield
7
Find the US States
8
US States
More Sports Quizzes
Big League Cats
Editor's Pick
Trending Quizzes
Pick 6: Mountains
Pick 6: Harry Potter
Pick 6: Flags
Pick 6: NFL Teams
Pick 6: Movie Franchises
Recently Updated
NWSL Teams
pecheneg
Women's Final Four Teams by Year
bhenderson79
Presidents Quartet II
eogle
Anything But Clue(do)
eogle
Anything But Oceanian Capitals
eogle
Anything But 7
eogle
Anything But Thing
eogle
Word Ladder: February 29
pecheneg
Song Title Questions
pecheneg
Women's NCAA Tournament #1 Seeds
pecheneg
Trending Topics
NBA
Crossword
Disney
Anime
Marvel
Harry Potter
Kpop
The Office
Soccer
WWE
Song
NFL
Puzzle
Country
Pokémon
Your Account Isn't Verified!
In order to create a playlist on Sporcle, you need to verify the email address you used during registration. Go to your
Sporcle Settings
to finish the process.
Report this User
Report this user for behavior that violates our
Community Guidelines
.
Details:
Send Report
Go to the Sporcle.com Mobile Site →
Comments